000 00278nam a2200097Ia 4500
005 20251222114350.0
008 251222s1900||||xx |||||||||||||| ||spa||
082 _aDVD192.2/V46/2005
245 0 _aEl problema de la fundación de la ética en una sociedad multicultural:
942 _cDVD
999 _c1201
_d1201